Don't Starve - Postacie - Statystyki

Ogólne statystyki
  • Ten quiz został rozwiązany 14 razy
  • Średni wynik to 16 z 25
Statystyki odpowiedzi
Postać % Poprawnych
Maxwell
100%
Wilson
100%
Wanda
90%
Wendy
90%
Willow
90%
Wolfgang
90%
Winona
80%
Wortox
80%
WX-78
80%
Webber
70%
Wickerbottom
70%
Wigfrid
70%
Warly
60%
Wes
60%
Woodie
60%
Wurt
60%
Wagstaff
50%
Walter
50%
Wilbur
50%
Woodlegs
50%
Wheeler
40%
Wilba
30%
Wormwood
30%
Walani
20%
Wonkey
10%
Nie znaleziono quizów pasujących do podanych kryteriów
Rozkład punktacji
Procent ludzi z każdym wynikiem
Percentyl według liczby udzielonych odpowiedzi
Twoja historia wyników
Nie rozwiązałeś tego quizu